00403nam a22001457a 450000500170000000800410001702200130005804100130007108200130008410000130009724500430011026000450015330000330019865000260023120240304141742.0240304b |||||||| |||| 00| 0 eng d a10233806 aEnglish  a349 BUT  lEnglish  aButterworths Law Reports : Labour Law  aDurban : bLexisNexis (Pty) Ltd, c2014  bxvii, 1023 pages ; c25 cm.  aLegal practice bLaw